000 01311cam a22003858i 4500
001 20111573
003 NUST
005 20220825113632.0
008 171030s2018 ctu b 001 0 eng
010 _a 2017051248
020 _a9781493025534 (pbk)
038 _aAzhar
040 _aDLC
_beng
_erda
_cDLC
042 _apcc
043 _an-us---
050 0 0 _aF591
_b.E55 2018
082 0 0 _a978
_223
_bENS
100 1 _aEnss, Chris,
_d1961-
_eauthor.
_995090
245 1 0 _aPrinciples of posse management :
_blessons from the Old West for today's leaders
_cChris Enss.
260 _aGuilford, Connecticut :
_bTwoDot,
_c2018
263 _a1806
300 _apages cm
336 _atext
_btxt
_2rdacontent
337 _aunmediated
_bn
_2rdamedia
338 _avolume
_bnc
_2rdacarrier
504 _aIncludes bibliographical references and index.
563 _aPB
650 0 _aPeace officers
_zWest (U.S.)
_995091
650 0 _aLaw enforcement
_zWest (U.S.)
_995092
650 0 _aLeadership
_zWest (U.S.)
_995093
776 0 8 _iOnline version:
_aEnss, Chris, 1961- author.
_tPrinciples of posse management
_dGuilford, Connecticut : TwoDot, [2018]
_z9781493025541
_w(DLC) 2017054054
906 _a7
_bcbc
_corignew
_d1
_eecip
_f20
_gy-gencatlg
942 _2ddc
_cLC
999 _c590610
_d590610